| 000 | 00594nam a22001457a 4500 | ||
|---|---|---|---|
| 999 |
_c535742 _d535742 |
||
| 082 | _a621.3678 | ||
| 100 | _aAhsan, Muhammad Sheraz | ||
| 245 |
_aGeospatial Integration, Standardization and Auditing of Manual Cadastral Mapping in Pakistan : _bA Case Study of Mauza Chak No. 154-ML, District Muzaffargarh / _cMuhammad Sheraz Ahsan. |
||
| 260 |
_aIslamabad : _bIGIS - NUST, _c2015. |
||
| 300 |
_a94 p. : ill. ; _c30cm. |
||
| 942 |
_2ddc _cTHE |
||
| 650 |
_aRemote Sensing & GIS - MS Theses. _928080 |
||
| 700 |
_aSup Dr. Ejaz Hussain. _930332 |
||